Synchronization of innovation and vehicle projects: Proposal of a management tool at Renault SAS (Record no. 105056)

000 -LEADER
fixed length control field 00503pab a2200181 454500
008 - FIXED-LENGTH DATA ELEMENTS--GENERAL INFORMATION
fixed length control field 180718b2014 xxu||||| |||| 00| 0 eng d
100 ## - MAIN ENTRY--PERSONAL NAME
Personal name Gidel, Thierry
245 ## - TITLE STATEMENT
Title Synchronization of innovation and vehicle projects: Proposal of a management tool at Renault SAS
260 ## - PUBLICATION, DISTRIBUTION, ETC.
Date of publication, distribution, etc. 2014
300 ## - PHYSICAL DESCRIPTION
Extent p.57-73.
362 ## - DATES OF PUBLICATION AND/OR SEQUENTIAL DESIGNATION
Dates of publication and/or sequential designation Jun-Jul
650 ## - SUBJECT ADDED ENTRY--TOPICAL TERM
Topical term or geographic name entry element Project management
700 ## - ADDED ENTRY--PERSONAL NAME
Personal name Millet, Dominique
700 ## - ADDED ENTRY--PERSONAL NAME
Personal name Buet, Gael
773 ## - HOST ITEM ENTRY
Main entry heading Project Management Journal
908 ## - PUT COMMAND PARAMETER (RLIN)
Put command parameter N
909 ## -
-- 105061
Holdings
Withdrawn status Lost status Damaged status Not for loan Permanent Location Current Location Date acquired Serial Enumeration / chronology Barcode Date last seen Price effective from Koha item type
        Indian Institute of Public Administration Indian Institute of Public Administration 2018-07-19 Volume no: 45, Issue no: 3 AR105521 2018-07-19 2018-07-19 Articles

Powered by Koha